| 000 | 00350pab a2200145 454500 | ||
|---|---|---|---|
| 008 | 180718b1988 xxu||||| |||| 00| 0 eng d | ||
| 100 | _aChatterjee, Haraprasad | ||
| 245 | _aStrategies in financial management | ||
| 260 | _c1988 | ||
| 300 | _a693-4 | ||
| 362 | _aOct. | ||
| 650 | _aFinance, Public | ||
| 773 | _aManagement Accountant | ||
| 909 | _a8483 | ||
| 999 |
_c8483 _d8483 |
||